| 000 | 00988nam a22003017a 4500 | ||
|---|---|---|---|
| 003 | CHAP | ||
| 005 | 20220329135818.0 | ||
| 008 | 971013s1976 r 00010 d | ||
| 010 | _a42628 | ||
| 011 | _a43600 | ||
| 035 | _a47736 | ||
| 040 | _cCHAP | ||
| 090 | _aFolleto 9273 | ||
| 110 |
_aMéxico. Dirección General de Unidades de Riego para el Desarrollo Rural _977049 |
||
| 245 |
_aAjonjolí _b: recomendaciones para su cultivo |
||
| 260 |
_aMéxico, D.F. : _bLa Dirección, _c1976 |
||
| 300 |
_aHoja desplegable _b: ilus |
||
| 490 |
_aHoja de divulgación _v; 46 |
||
| 590 |
_aBATCH-UPD _b10 _c20130110 _lUCH01 _h2154 |
||
| 590 |
_aBATCH-UPD _b10 _c20130410 _lUCH01 _h1502 |
||
| 590 |
_aBATCH-UPD _b10 _c20130913 _lUCH01 _h2334 |
||
| 590 |
_aCONVERSION _b10 _c20130109 _lUCH01 _h1323 |
||
| 650 | 1 | 4 |
_aAjonjolí. _93223 |
| 830 | 0 |
_aHoja de divulgación _v; 46 _955847 |
|
| 901 | _aBK | ||
| 942 | _cFOLL | ||
| 949 |
_aFolleto 9273 _bBC _cFOLL _d-108395 _eTS1 _gI.126473 _h66534 _i47736 _si _t2.30 |
||
| 999 |
_c42628 _d42628 |
||